| 000 | 00497nam a2200133Ia 4500 | ||
|---|---|---|---|
| 008 | 220216s9999 xx 000 0 und d | ||
| 100 | _aSamaranayake C | ||
| 245 | 0 | _aInfluence of the crowns in topworked trees of Hevea | |
| 260 | _bProceedings of the International Rubber Conference, Colombo, 1984, V1. Part 1; p19-46Proceedings of the International Rubber Conference, Colombo, 1984, V1. Part 1; p59-69 | ||
| 650 | _aHevea | ||
| 700 | _aGunaratne R B | ||
| 700 | _aKariyawasam L S | ||
| 942 | _cJS | ||
| 999 |
_c61350 _d61350 |
||